| 000 | 00473nam a2200133 a 4500 | ||
|---|---|---|---|
| 008 | 120416s9999 xx |||||||||||||| || u | ||
| 050 | _aTD 791 Tch | ||
| 100 | _aEliassen, Rolf | ||
| 245 | 1 | 0 | _aSolid wastes |
| 246 | _aengineering principles and management issues | ||
| 350 | _a0.00 | ||
| 700 | _aTchobanoglous, George | ||
| 995 |
_D0.00 _FCBU-MAIN LIBRARY (Kitwe) _H1 _I19.85 _UAVAILABLE _ZAnnex Low-Usage Collection |
||
| 999 |
_c57890 _d57890 |
||